[Event "6th K. Asrian Memorial"]
[Site "Jermuk"]
[Date "2013.06.19"]
[Round "4"]
[Board "5"]
[White "Petrosyan, Tigran S."]
[Black "Hayrapetyan, Hovik"]
[Result "0-1"]
[WhiteElo "2356"]
[BlackElo "2502"]
[PlyCount "102"]
[EventDate "2013.06.16"]
[EventRounds "9"]
[EventCountry "ARM"]

1. e4 c5 2. c3 Nf6 3. e5 Nd5 4. Nf3 e6 5. d4 cxd4 6. cxd4 b6 7. Bd3 Bb7 8. O-O
Be7 9. Nbd2 f5 10. exf6 Nxf6 11. Re1 O-O 12. Ne4 Nxe4 13. Bxe4 Bxe4 14. Rxe4
Rf5 15. Ne5 Bd6 16. Be3 Na6 17. Bf4 Nb4 18. Bg3 Nd5 19. Rc1 Bxe5 20. Rxe5 Rxe5
21. Bxe5 Qg5 22. Rc2 h5 23. h3 Qf5 24. Qc1 Rf8 25. Bg3 Qe4 26. Qd1 a5 27. Re2
Qg6 28. Re5 Rc8 29. Qxh5 Qxh5 30. Rxh5 Rc1+ 31. Kh2 Rc2 32. Be5 Kf7 33. Rg5 g6
34. a4 Rxb2 35. h4 Rxf2 36. h5 gxh5 37. Rxh5 Kg6 38. Rh8 Ra2 39. Kh3 Rxa4 40.
Rg8+ Kf5 41. g4+ Ke4 42. g5 Ra3+ 43. Kh4 Ne7 44. Rb8 Ng6+ 45. Kh5 Kf5 46. Kh6
Rh3+ 47. Kg7 Nxe5 48. dxe5 Kxg5 49. Rxb6 Rd3 50. Kf7 Kf5 51. Rd6 Rd5 0-1

[Event "6th K. Asrian Memorial"]
[Site "Jermuk"]
[Date "2013.06.19"]
[Round "4"]
[Board "7"]
[White "Melkumyan, Hrant"]
[Black "Kalashian, David"]
[Result "1/2-1/2"]
[WhiteElo "2635"]
[BlackElo "2419"]
[PlyCount "113"]
[EventDate "2013.06.16"]
[EventRounds "9"]
[EventCountry "ARM"]

1. d4 c6 2. c4 g6 3. Nc3 Bg7 4. e4 d6 5. Nf3 Bg4 6. Be3 Nf6 7. Be2 O-O 8. O-O
Nbd7 9. h3 Bxf3 10. Bxf3 e5 11. d5 c5 12. g3 Ne8 13. Bg2 f5 14. exf5 gxf5 15.
f4 Kh8 16. Qc2 Bh6 17. Rae1 Ng7 18. fxe5 Bxe3+ 19. Rxe3 Qg5 20. Qf2 dxe5 21.
Rf3 Rg8 22. Ne2 b6 23. Qe3 Qg6 24. Qc3 Rae8 25. b4 cxb4 26. Qxb4 Nc5 27. Qb2
Qg5 28. Kh2 Ne4 29. h4 Qd2 30. Rb3 Qxb2 31. Rxb2 Nd6 32. Rc2 Rc8 33. Bh3 Rgf8
34. Rfc1 Rc5 35. Ng1 f4 36. Nf3 fxg3+ 37. Kg2 e4 38. Ng5 h6 39. Ne6 Nxe6 40.
dxe6 Nf5 41. Bxf5 Rcxf5 42. c5 bxc5 43. Rxc5 Rf2+ 44. Kxg3 R2f3+ 45. Kg4 Kg7
46. e7 R8f4+ 47. Kh5 Rf5+ 48. Rxf5 Rxf5+ 49. Kg4 Re5 50. Rc7 Kf7 51. Kf4 Ra5
52. Kxe4 Rxa2 53. Kf5 Ra5+ 54. Kg4 Ke8 55. Rb7 Kf7 56. Rc7 Ke8 57. Rb7 1/2-1/2

[Event "6th K. Asrian Memorial"]
[Site "Jermuk"]
[Date "2013.06.19"]
[Round "4"]
[Board "8"]
[White "Mikaelyan, Arman"]
[Black "Fier, Alexandr"]
[Result "1/2-1/2"]
[WhiteElo "2215"]
[BlackElo "2609"]
[PlyCount "250"]
[EventDate "2013.06.16"]
[EventRounds "9"]
[EventCountry "ARM"]

1. d4 Nf6 2. Nf3 e6 3. c4 c5 4. d5 exd5 5. cxd5 d6 6. Nc3 g6 7. g3 Bg7 8. Bg2
O-O 9. O-O Nbd7 10. Bf4 Qe7 11. Qc2 a6 12. a4 Ng4 13. Bg5 f6 14. Bf4 Nge5 15.
Rab1 h6 16. b4 cxb4 17. Rxb4 f5 18. Nd4 Nc5 19. Ne6 Bxe6 20. dxe6 Nc6 21. Nd5
Qxe6 22. Rxb7 Nxb7 23. Qxc6 Na5 24. Qc7 Nb3 25. Ne7+ Kh7 26. Bd5 Qxe2 27. Bxb3
Rab8 28. Bc4 Qb2 29. Qxd6 Rb6 30. Qd7 Rb7 31. Qe6 Qf6 32. Qxf6 Rxf6 33. Re1
Rfb6 34. Kg2 Bd4 35. Nd5 Rb2 36. Be3 Bxe3 37. Rxe3 a5 38. Bb5 Kg7 39. Re6 g5
40. Ne3 Rf7 41. Nc4 Rc2 42. Ne5 Rf6 43. Rxf6 Kxf6 44. Nc6 g4 45. Nxa5 Kg5 46.
Nc4 f4 47. gxf4+ Kxf4 48. Nb6 Ra2 49. Nd5+ Kg5 50. Nc3 Ra3 51. Ne4+ Kf4 52. Ng3
Ra2 53. Ne2+ Kg5 54. Nc1 Ra3 55. Nd3 h5 56. h3 Ra1 57. hxg4 hxg4 58. Nc5 Kf4
59. Nb3 Ra2 60. Nd4 Ra3 61. Ne2+ Kg5 62. Bc6 Kh4 63. Ng3 Ra1 64. Ne4 Re1 65.
Ng3 Ra1 66. Bb5 Kg5 67. Ne2 Ra3 68. Nc1 Kh4 69. Nd3 Ra2 70. Nf4 Kg5 71. Kg3
Ra3+ 72. Nd3 Ra1 73. f4+ gxf3 74. Kxf3 Kf5 75. Ke3 Ke6 76. Kd4 Kd6 77. Nb2 Kc7
78. Nc4 Kb7 79. Kc5 Ka7 80. Bd7 Ka6 81. Bb5+ Ka7 82. Nd6 Ra2 83. Kb4 Rb2+ 84.
Ka5 Rd2 85. Nc8+ Kb7 86. Ne7 Rb2 87. Bc6+ Kc7 88. Bb5 Kb7 89. Nf5 Rb1 90. Nd4
Rd1 91. Nb3 Rg1 92. Ba6+ Ka7 93. Nd4 Rg5+ 94. Bb5 Rg4 95. Nc6+ Kb7 96. Ne5 Rg5
97. Nc4 Rg1 98. Kb4 Rb1+ 99. Kc5 Ra1 100. Na5+ Ka7 101. Nc6+ Kb7 102. Nb4 Ra3
103. Bc6+ Ka7 104. Kb5 Rb3 105. Bd5 Rb2 106. a5 Rb1 107. Bc4 Rg1 108. Nc6+ Kb7
109. a6+ Kc7 110. Nb4 Rb1 111. Ba2 Rb2 112. Bd5 Kb8 113. Ka5 Rb1 114. Be4 Rb2
115. Bf3 Rb1 116. Bg2 Rb2 117. Be4 Re2 118. Bb7 Rb2 119. Bd5 Rb1 120. Bc4 Rc1
121. Bb5 Rb1 122. Bd3 Rb2 123. Bf1 Rb1 124. Bc4 Rc1 125. Bd5 Rb1 1/2-1/2

[Event "6th K. Asrian Memorial"]
[Site "Jermuk"]
[Date "2013.06.19"]
[Round "4"]
[Board "9"]
[White "Minasian, Artashes"]
[Black "Matevosyan, Sedrak"]
[Result "1-0"]
[WhiteElo "2505"]
[BlackElo "2192"]
[PlyCount "93"]
[EventDate "2013.06.16"]
[EventRounds "9"]
[EventCountry "ARM"]

1. Nf3 Nf6 2. g3 d5 3. Bg2 c6 4. b3 Bf5 5. Bb2 e6 6. O-O h6 7. d3 Be7 8. Nbd2
O-O 9. Ne5 Nbd7 10. e4 Bh7 11. Nxd7 Nxd7 12. Qe2 a5 13. a4 Re8 14. Kh1 Qb8 15.
f4 b5 16. Rab1 Bf8 17. Nf3 bxa4 18. bxa4 Qc7 19. Ne5 Nxe5 20. Bxe5 Bd6 21. Bc3
Bb4 22. Ba1 Rab8 23. Qf2 dxe4 24. dxe4 Red8 25. Be5 Bd6 26. Bd4 Rxb1 27. Rxb1
Rb8 28. Bb6 Qc8 29. Rd1 Be7 30. Bc5 Qf8 31. Bb6 Qc8 32. Bxa5 Ra8 33. Qd2 Qa6
34. Bd8 Bf8 35. a5 Qc4 36. Qd3 Rxd8 37. Qxd8 Bxe4 38. h4 Qxc2 39. Bxe4 Qxe4+
40. Kh2 h5 41. Rd2 Qa4 42. Qa8 g6 43. a6 Qa5 44. Rc2 Kg7 45. Qxc6 Bb4 46. Qc4
Be1 47. Qd4+ 1-0

[Event "6th K. Asrian Memorial"]
[Site "Jermuk"]
[Date "2013.06.19"]
[Round "4"]
[Board "10"]
[White "Gasparian, Tigran"]
[Black "Babujian, Levon"]
[Result "0-1"]
[WhiteElo "2181"]
[BlackElo "2488"]
[PlyCount "190"]
[EventDate "2013.06.16"]
[EventRounds "9"]
[EventCountry "ARM"]

1. e4 e5 2. Nf3 Nc6 3. Bb5 f5 4. d3 fxe4 5. dxe4 Nf6 6. O-O Bc5 7. Bxc6 bxc6 8.
Nxe5 O-O 9. Nd3 Nxe4 10. Nxc5 Nxc5 11. Be3 Ne6 12. Nd2 d6 13. Re1 c5 14. Ne4
Rb8 15. b3 Qh4 16. f3 Bb7 17. Bf2 Qh6 18. Qd2 Qg6 19. Bg3 Rbe8 20. Re3 Nd4 21.
Rae1 Re6 22. c3 Nf5 23. R3e2 Ba6 24. c4 Nd4 25. Re3 Bb7 26. Nc3 Rxe3 27. Rxe3
h5 28. Qd3 Qh6 29. Bf2 Qg5 30. Kf1 Qf4 31. Kg1 Qg5 32. Kf1 Bc6 33. Ne4 Qf4 34.
Kg1 a5 35. Re1 Bxe4 36. Rxe4 Qc1+ 37. Re1 Qc2 38. Qxc2 Nxc2 39. Re7 Rc8 40. Kf1
Nb4 41. Be1 Nc6 42. Re3 Ra8 43. g4 hxg4 44. fxg4 a4 45. h4 axb3 46. axb3 Kf7
47. h5 Ne5 48. g5 Rb8 49. Ke2 Rh8 50. Bc3 Ke6 51. h6 gxh6 52. Bxe5 dxe5 53.
gxh6 Rxh6 54. Rg3 Kf5 55. Rf3+ Ke6 56. Rg3 Rh2+ 57. Kd3 Rb2 58. Kc3 Rf2 59. Kd3
Rf6 60. Rh3 Rg6 61. Ke3 Kd6 62. Ke4 Rg4+ 63. Ke3 Rg6 64. Ke4 Ke6 65. Ke3 c6 66.
Ke4 Rg4+ 67. Ke3 Kf5 68. Rf3+ Rf4 69. Rh3 Re4+ 70. Kd3 Rd4+ 71. Ke3 Re4+ 72.
Kd3 Rg4 73. Ke3 Rg7 74. Rf3+ Ke6 75. Rh3 Kd6 76. Rh6+ Kc7 77. Re6 Rg3+ 78. Kd2
Rg5 79. Kd3 Kd7 80. Rh6 Rg3+ 81. Ke4 Rxb3 82. Rh7+ Kd6 83. Rh6+ Kc7 84. Rh4 Rc3
85. Kxe5 Re3+ 86. Kf4 Re1 87. Kf3 Kb6 88. Kf2 Re6 89. Rh1 Ka5 90. Rb1 Re4 91.
Kf3 Rxc4 92. Ke3 Rb4 93. Rc1 Kb5 94. Rc3 Rb2 95. Kd3 c4+ 0-1

[Event "6th K. Asrian Memorial"]
[Site "Jermuk"]
[Date "2013.06.19"]
[Round "4"]
[Board "11"]
[White "Imnadze, Nato"]
[Black "Gorovets, Andrey"]
[Result "0-1"]
[WhiteElo "2059"]
[BlackElo "2470"]
[PlyCount "74"]
[EventDate "2013.06.16"]
[EventRounds "9"]
[EventCountry "ARM"]

1. e4 c5 2. Nc3 a6 3. g4 Nc6 4. Bg2 d6 5. d3 e5 6. h3 Be7 7. Nd5 Be6 8. Be3 h5
9. gxh5 Bxd5 10. exd5 Nd4 11. Nf3 Nf5 12. Qe2 Nf6 13. O-O-O Nxh5 14. Bd2 Kf8
15. h4 g6 16. Bh3 Nxh4 17. Nxh4 Bxh4 18. Bg4 Qf6 19. Rh3 Nf4 20. Bxf4 Qxf4+ 21.
Kb1 Kg7 22. Rf3 Qg5 23. Bh3 Rh6 24. c3 Qd8 25. d4 cxd4 26. cxd4 Bf6 27. Qd2 Rh4
28. dxe5 Bxe5 29. Rg1 Qe7 30. Qd3 Rah8 31. Rg2 Bf6 32. Re3 Rxh3 33. Rxh3 Rxh3
34. Qxh3 Qe1+ 35. Kc2 Qe2+ 36. Kc1 Bxb2+ 37. Kb1 Bf6 0-1

[Event "6th K. Asrian Memorial"]
[Site "Jermuk"]
[Date "2013.06.19"]
[Round "4"]
[Board "12"]
[White "Gharagyozyan, Artur"]
[Black "Abdumalik, Zhansaya"]
[Result "1-0"]
[WhiteElo "2260"]
[BlackElo "2250"]
[PlyCount "103"]
[EventDate "2013.06.16"]
[EventRounds "9"]
[EventCountry "ARM"]

1. e4 c5 2. Nf3 e6 3. c4 a6 4. d4 cxd4 5. Nxd4 Nf6 6. Nc3 d6 7. Be3 Be7 8. Be2
Qc7 9. f3 O-O 10. Qd2 b6 11. O-O-O Nbd7 12. Kb1 Bb7 13. g4 Ne5 14. Rc1 Qd8 15.
g5 Nfd7 16. h4 Nc6 17. Rcg1 Nxd4 18. Bxd4 f5 19. gxf6 Nxf6 20. Qe3 Rb8 21. Bd3
Bc6 22. e5 dxe5 23. Bxe5 Bc5 24. Qe2 Bxg1 25. Bxb8 Bd4 26. Bh2 Qd7 27. Rd1 Kh8
28. Bc2 Rd8 29. Be5 Bxe5 30. Rxd7 Nxd7 31. Qd3 g6 32. h5 Rg8 33. a3 Rg7 34.
hxg6 Rxg6 35. Qe3 Rf6 36. Be4 Bxe4+ 37. Nxe4 Rf5 38. b4 Rh5 39. f4 Rh1+ 40. Kc2
Bg7 41. c5 bxc5 42. bxc5 Nb8 43. Ng5 Nc6 44. Nxe6 Rh2+ 45. Kd1 Rh1+ 46. Ke2 Rh6
47. f5 Rh2+ 48. Kf1 Bf6 49. Qe4 Ne7 50. Qa8+ Ng8 51. c6 Rh5 52. c7 1-0

[Event "6th K. Asrian Memorial"]
[Site "Jermuk"]
[Date "2013.06.19"]
[Round "4"]
[Board "13"]
[White "Guo, Emma"]
[Black "Kotanjian, Tigran"]
[Result "0-1"]
[WhiteElo "2064"]
[BlackElo "2529"]
[PlyCount "46"]
[EventDate "2013.06.16"]
[EventRounds "9"]
[EventCountry "ARM"]

1. d4 g6 2. c4 Bg7 3. Nc3 d6 4. e4 Nc6 5. d5 Nd4 6. Be3 e5 7. Nge2 Nxe2 8. Bxe2
Ne7 9. O-O f5 10. f4 fxe4 11. Nxe4 Nf5 12. Qd3 Nxe3 13. Qxe3 O-O 14. fxe5 Bxe5
15. Rxf8+ Qxf8 16. Rf1 Qg7 17. Qg5 Bf5 18. Ng3 Bd7 19. Bg4 h6 20. Qh4 Bxg3 21.
hxg3 Qd4+ 22. Rf2 Bxg4 23. Qxh6 Bf5 0-1

[Event "6th K. Asrian Memorial"]
[Site "Jermuk"]
[Date "2013.06.19"]
[Round "4"]
[Board "14"]
[White "Llopis De Aysa, Manuel"]
[Black "Harutyunian, Tigran K."]
[Result "0-1"]
[WhiteElo "2115"]
[BlackElo "2359"]
[PlyCount "42"]
[EventDate "2013.06.16"]
[EventRounds "9"]
[EventCountry "ARM"]

1. d4 Nf6 2. c4 c6 3. Nc3 d5 4. cxd5 cxd5 5. Bf4 Nc6 6. e3 Bf5 7. Nf3 a6 8. Rc1
e6 9. Qb3 Ra7 10. Be2 Be7 11. O-O O-O 12. Na4 Nd7 13. a3 Na5 14. Qc3 Nc4 15.
Bxc4 dxc4 16. Nc5 Bxc5 17. dxc5 Nxc5 18. Qxc4 Nd3 19. Rfd1 b5 20. Qc6 Qa8 21.
Qd6 Nxc1 0-1

[Event "6th K. Asrian Memorial"]
[Site "Jermuk"]
[Date "2013.06.19"]
[Round "4"]
[Board "15"]
[White "Aleksanyan, Hrant"]
[Black "Vardanian, Hakob"]
[Result "0-1"]
[WhiteElo "1939"]
[BlackElo "2260"]
[PlyCount "158"]
[EventDate "2013.06.16"]
[EventRounds "9"]
[EventCountry "ARM"]

1. e4 c5 2. Nf3 Nc6 3. d4 cxd4 4. Nxd4 g6 5. c4 Nf6 6. Nc3 Nxd4 7. Qxd4 d6 8.
f3 Bg7 9. Be3 O-O 10. Qd2 a5 11. b3 a4 12. Rb1 axb3 13. axb3 Be6 14. Be2 Qa5
15. Na4 Qxd2+ 16. Kxd2 Nd7 17. Rhc1 f5 18. exf5 Bxf5 19. Bd3 Bxd3 20. Kxd3 Ne5+
21. Kd2 Nc6 22. Nb6 Ra2+ 23. Rc2 Ra6 24. b4 Ra3 25. Nd5 Kf7 26. b5 Nd4 27. Bxd4
Bxd4 28. Re1 e6 29. Nf4 Re8 30. Nd3 Rc8 31. Rec1 b6 32. Ke2 Rca8 33. Rd1 h5 34.
Ne1 Re3+ 35. Kf1 e5 36. Rd3 Rxd3 37. Nxd3 Ra1+ 38. Ne1 g5 39. Ke2 Ke6 40. g3 g4
41. fxg4 hxg4 42. Ng2 Rh1 43. Kd3 Rd1+ 44. Ke2 Rh1 45. Kd3 Rb1 46. Nf4+ Kf5 47.
Nd5 Rb3+ 48. Ke2 Rf3 49. Ke1 Bc5 50. Re2 Ra3 51. Ne7+ Kg5 52. Nd5 Ra4 53. Rc2
Ra1+ 54. Kd2 e4 55. Kc3 Ra3+ 56. Kd2 Rf3 57. Ke1 Kf5 58. Ne7+ Ke6 59. Ng6 Ra3
60. Ke2 Ra1 61. Kd2 Kf5 62. Ne7+ Kf6 63. Nc6 Rh1 64. Kc3 Ra1 65. Kd2 Ra3 66.
Ke2 Bg1 67. Kf1 Ra1+ 68. Kg2 e3 69. Nd4 Rd1 70. Ne2 Ke5 71. h3 gxh3+ 72. Kxh3
Rd2 73. Rc1 Rxe2 74. Rxg1 Rf2 75. g4 e2 76. Re1 Ke4 77. g5 Ke3 78. g6 Rf3+ 79.
Kg2 Rf6 0-1

[Event "6th K. Asrian Memorial"]
[Site "Jermuk"]
[Date "2013.06.20"]
[Round "5"]
[Board "1"]
[White "Baghdasaryan, Vahe"]
[Black "Hovhannisyan, Robert"]
[Result "0-1"]
[WhiteElo "2387"]
[BlackElo "2610"]
[PlyCount "126"]
[EventDate "2013.06.16"]
[EventRounds "9"]
[EventCountry "ARM"]

1. e4 c6 2. d4 d5 3. e5 Bf5 4. h4 Qc7 5. Ne2 c5 6. Nbc3 e6 7. Nb5 Qa5+ 8. Nec3
h6 9. dxc5 Bxc5 10. Be3 Bf8 11. Qd2 a6 12. Nxd5 axb5 13. Qxa5 Rxa5 14. Nc7+ Kd7
15. Bb6 Bb4+ 16. c3 Kc6 17. Bxa5 Bxa5 18. Nxb5 Ne7 19. O-O-O Bc7 20. Nd6 Bxd6
21. exd6 Nd5 22. c4 Nf6 23. b4 Rd8 24. c5 b6 25. g4 Bxg4 26. Bg2+ Kb5 27. Rd4
bxc5 28. a4+ Kxa4 29. bxc5+ Kb5 30. Kd2 Nc6 31. Rd3 Ne5 32. Rb1+ Kxc5 33. Rc1+
Nc4+ 34. Ke1 e5 35. Rdc3 Be6 36. Bf1 Ne4 37. Rxc4+ Bxc4 38. Bxc4 f6 39. Bd3+
Kd4 40. Bxe4 Kxe4 41. Rc7 g5 42. Rh7 Rxd6 43. Rxh6 g4 44. h5 Kf5 45. Rh8 Rd3
46. h6 g3 47. fxg3 Rxg3 48. Kf2 Rh3 49. Kg2 Rh5 50. Kf3 Kg6 51. Rg8+ Kxh6 52.
Ke4 Rg5 53. Ra8 Kg7 54. Kd5 Kf7 55. Ra4 Rg8 56. Ke4 Rg1 57. Ra8 Rg4+ 58. Ke3
Ke6 59. Ra6+ Kf5 60. Ra1 Rg3+ 61. Kf2 Rb3 62. Ra6 e4 63. Ke2 Ke5 0-1

[Event "6th K. Asrian Memorial"]
[Site "Jermuk"]
[Date "2013.06.20"]
[Round "5"]
[Board "2"]
[White "Andriasian, Zaven"]
[Black "Minasian, Artashes"]
[Result "1-0"]
[WhiteElo "2610"]
[BlackElo "2505"]
[PlyCount "45"]
[EventDate "2013.06.16"]
[EventRounds "9"]
[EventCountry "ARM"]

1. e4 c6 2. d4 d5 3. e5 Bf5 4. h4 h5 5. c4 e6 6. Nc3 Ne7 7. Nge2 dxc4 8. Ng3
Bg6 9. Bg5 Qb6 10. Bxc4 Qxb2 11. Nce4 Nf5 12. O-O Qb4 13. Qe2 Nxg3 14. Nxg3 b5
15. Bd3 Bxd3 16. Qxd3 Qc4 17. Qd1 Nd7 18. Nxh5 Qa4 19. Qf3 Qxd4 20. Rad1 Nxe5
21. Nf6+ gxf6 22. Qxf6 Bg7 23. Qe7# 1-0

[Event "6th K. Asrian Memorial"]
[Site "Jermuk"]
[Date "2013.06.20"]
[Round "5"]
[Board "4"]
[White "Arutinian, David"]
[Black "Babujian, Levon"]
[Result "1/2-1/2"]
[WhiteElo "2543"]
[BlackElo "2488"]
[PlyCount "175"]
[EventDate "2013.06.16"]
[EventRounds "9"]
[EventCountry "ARM"]

1. c4 c5 2. Nc3 Nc6 3. Nf3 g6 4. g3 Bg7 5. Bg2 e6 6. O-O Nge7 7. d3 O-O 8. Bg5
h6 9. Bd2 b6 10. a3 d5 11. Rb1 a5 12. Qb3 Ba6 13. Rfd1 g5 14. h3 Rb8 15. Qa4
Qe8 16. Ne1 dxc4 17. dxc4 Nd4 18. Qxe8 Rfxe8 19. b3 a4 20. Nxa4 Nxe2+ 21. Kh2
Nd4 22. Bf1 Bb7 23. Bg2 Ba6 24. Bf1 Nec6 25. b4 cxb4 26. axb4 Bxc4 27. Bxc4 b5
28. Nb2 bxc4 29. Nxc4 Nb5 30. Nc2 Ra8 31. Kg2 Ra2 32. N2e3 Bd4 33. Be1 Rea8 34.
Kf1 Bc3 35. Rdc1 Bxe1 36. Kxe1 Ncd4 37. Kf1 Kg7 38. Na5 Nf3 39. Kg2 Nd2 40. Ra1
Nc3 41. Re1 Rb2 42. Nd1 Nxd1 43. Raxd1 Rxb4 44. Rxd2 Rxa5 45. Red1 Rbb5 46. Rc1
Rf5 47. Rc4 Ra3 48. h4 Rb5 49. hxg5 hxg5 50. Rdc2 Kg6 51. R4c3 Ra1 52. Rc1 Raa5
53. Rc8 Kf5 54. R1c4 f6 55. R8c6 Ke5 56. Rc1 Kd5 57. Rc8 Ra4 58. Rd8+ Ke5 59.
Rdc8 f5 60. R8c5+ Rxc5 61. Rxc5+ Kd4 62. Rc6 Kd5 63. Rc8 g4 64. Rd8+ Ke4 65.
Re8 e5 66. Rf8 Ra2 67. Re8 Rc2 68. Rf8 Rc5 69. Rf7 Rb5 70. Rf8 Rb2 71. Re8 Kd5
72. Rd8+ Ke6 73. Re8+ Kf6 74. Rf8+ Kg6 75. Re8 e4 76. Kf1 Kf7 77. Re5 Kf6 78.
Re8 Rb3 79. Ke2 Rf3 80. Ke1 Rb3 81. Ke2 Rb6 82. Rf8+ Ke5 83. Re8+ Re6 84. Rf8
Rd6 85. Re8+ Kd4 86. Rf8 Rd5 87. Re8 Rb5 88. Rd8+ 1/2-1/2

[Event "6th K. Asrian Memorial"]
[Site "Jermuk"]
[Date "2013.06.20"]
[Round "5"]
[Board "5"]
[White "Gabuzyan, Hovhannes"]
[Black "Chibukhchian, Artur"]
[Result "0-1"]
[WhiteElo "2533"]
[BlackElo "2450"]
[PlyCount "178"]
[EventDate "2013.06.16"]
[EventRounds "9"]
[EventCountry "ARM"]

1. d4 d5 2. Nf3 Nf6 3. c4 dxc4 4. e3 e6 5. Bxc4 c5 6. O-O a6 7. a4 Nc6 8. Nc3
Be7 9. Qe2 cxd4 10. Rd1 e5 11. exd4 exd4 12. Nxd4 Nxd4 13. Qe5 Qd6 14. Qxd4
Qxd4 15. Rxd4 Bc5 16. Rd1 O-O 17. Bg5 Bg4 18. Rd3 Bf5 19. Rf3 Bg6 20. h4 Ne4
21. Be3 Bxe3 22. Rxe3 Nxc3 23. Rxc3 Be4 24. Re1 Bc6 25. Re7 Rae8 26. Rce3 Rd8
27. Rc7 Rd1+ 28. Kh2 Rd4 29. b3 Rxh4+ 30. Kg3 Rh6 31. f3 Rg6+ 32. Kf2 Rf6 33.
a5 h5 34. Kg3 Rg6+ 35. Kh3 Rf6 36. Ree7 g6 37. Kg3 Kg7 38. Be6 g5 39. Bc8 h4+
40. Kh3 Bd5 41. Bxb7 Bxb3 42. Re3 Ba4 43. Re4 Bb3 44. Rb4 Be6+ 45. Kh2 Bf5 46.
Bd5 Rc8 47. Rxc8 Bxc8 48. Rb6 Rf5 49. Rd6 Re5 50. Rd8 Be6 51. Bxe6 Rxe6 52. Ra8
Kg6 53. Ra7 f6 54. Kh3 Kf5 55. Kh2 Kf4 56. Rb7 Rd6 57. Kh3 f5 58. Rb4+ Ke5 59.
Rb3 Rd5 60. Ra3 Rb5 61. Ra1 Kf6 62. Ra3 Ke5 63. Ra1 Kd6 64. Ra3 Kc5 65. f4 Rb1
66. g3 hxg3 67. fxg5 f4 68. Rf3 Rh1+ 69. Kg2 Rh2+ 70. Kg1 Rh4 71. g6 Rg4 72. g7
Rxg7 73. Rxf4 Rg5 74. Rf1 Kb4 75. Ra1 Rxa5 76. Rb1+ Kc4 77. Rc1+ Kd4 78. Rd1+
Ke4 79. Kg2 Rg5 80. Ra1 a5 81. Ra4+ Kd3 82. Ra3+ Kc2 83. Ra4 Kb3 84. Re4 a4 85.
Re3+ Kb2 86. Re2+ Kc3 87. Re3+ Kd2 88. Rf3 Rg4 89. Rf8 Kc3 0-1

[Event "6th K. Asrian Memorial"]
[Site "Jermuk"]
[Date "2013.06.20"]
[Round "5"]
[Board "6"]
[White "Gorovets, Andrey"]
[Black "Melkumyan, Hrant"]
[Result "1/2-1/2"]
[WhiteElo "2470"]
[BlackElo "2635"]
[PlyCount "82"]
[EventDate "2013.06.16"]
[EventRounds "9"]
[EventCountry "ARM"]

1. Nf3 Nf6 2. c4 c6 3. Nc3 d5 4. e3 a6 5. b3 Bg4 6. h3 Bh5 7. Bb2 e6 8. g4 Bg6
9. Ne5 Nbd7 10. Nxg6 hxg6 11. Qe2 Qa5 12. Bg2 Ba3 13. Bxa3 Qxa3 14. O-O Qd6 15.
d4 g5 16. cxd5 cxd5 17. e4 dxe4 18. Nxe4 Qf4 19. Nxf6+ gxf6 20. d5 Ne5 21. dxe6
fxe6 22. Rac1 Rh7 23. Rfd1 Kf8 24. Rc3 Re8 25. a3 Rhe7 26. Qc2 Kg7 27. Rc8 Rxc8
28. Qxc8 Nf7 29. Rd7 Rxd7 30. Qxd7 Qc1+ 31. Bf1 Qxa3 32. Qxb7 a5 33. Bc4 Qd6
34. Kg2 Qe5 35. Qd7 Qe4+ 36. Kg1 Qe1+ 37. Kg2 Qe4+ 38. Kf1 Qh1+ 39. Ke2 Qe4+
40. Kf1 Qh1+ 41. Ke2 Qe4+ 1/2-1/2

[Event "6th K. Asrian Memorial"]
[Site "Jermuk"]
[Date "2013.06.20"]
[Round "5"]
[Board "7"]
[White "Postny, Evgeny"]
[Black "Harutyunian, Tigran K."]
[Result "1-0"]
[WhiteElo "2645"]
[BlackElo "2359"]
[PlyCount "93"]
[EventDate "2013.06.16"]
[EventRounds "9"]
[EventCountry "ARM"]

1. d4 d5 2. c4 c6 3. Nf3 Nf6 4. Nc3 dxc4 5. a4 Bf5 6. Ne5 Nbd7 7. Nxc4 Qc7 8.
g3 e5 9. dxe5 Nxe5 10. Bf4 Nfd7 11. a5 Rd8 12. Bg2 Be7 13. Qc1 O-O 14. a6 b6
15. O-O Bf6 16. Ne3 Bg6 17. Nb5 Qb8 18. Nd4 Qc8 19. Nxc6 Nxc6 20. Qxc6 Bxb2 21.
Qxc8 Rxc8 22. Ra2 Be5 23. Bxe5 Nxe5 24. Nd5 Rfe8 25. Nxb6 Rc5 26. Nd5 Nc6 27.
Rd1 Be4 28. Bxe4 Rxe4 29. Ne3 g6 30. Rd7 Rb4 31. Rc7 Rb6 32. Ra4 Re5 33. Kg2
Rb4 34. Ra2 Re6 35. Rd2 Ra4 36. Nd5 Rxa6 37. Rc8+ Kg7 38. Nc7 Ne7 39. Nxe6+
Rxe6 40. Rc7 a6 41. Rdd7 Kf6 42. e3 h5 43. h4 a5 44. Ra7 Re5 45. Kf1 Re6 46.
Rxa5 Nf5 47. Raa7 1-0

[Event "6th K. Asrian Memorial"]
[Site "Jermuk"]
[Date "2013.06.20"]
[Round "5"]
[Board "8"]
[White "Fier, Alexandr"]
[Black "Gharagyozyan, Artur"]
[Result "1-0"]
[WhiteElo "2609"]
[BlackElo "2260"]
[PlyCount "69"]
[EventDate "2013.06.16"]
[EventRounds "9"]
[EventCountry "ARM"]

1. d4 e6 2. c4 Nf6 3. Nf3 d5 4. Nc3 Nbd7 5. cxd5 exd5 6. Bg5 Bb4 7. e3 c5 8.
Be2 Qa5 9. O-O O-O 10. Nxd5 Nxd5 11. a3 Bc3 12. bxc3 Nxc3 13. Qd2 Nxe2+ 14.
Qxe2 b6 15. Rfd1 cxd4 16. Rxd4 Nc5 17. Qb2 Ne6 18. Rg4 Qf5 19. h3 h5 20. Rg3 f6
21. Nh4 Qe5 22. Qxe5 fxe5 23. Ng6 Re8 24. Nxe5 Nc5 25. Bf6 Ne6 26. Rc1 Kh7 27.
Rc7 Rg8 28. Re7 Rb8 29. Rf3 Rb7 30. Rf5 Rf8 31. Rxh5+ Kg8 32. Ng6 Rxe7 33. Bxe7
Re8 34. Bb4 Nc7 35. Bd6 1-0

[Event "6th K. Asrian Memorial"]
[Site "Jermuk"]
[Date "2013.06.20"]
[Round "5"]
[Board "9"]
[White "Kotanjian, Tigran"]
[Black "Bakunts, Rafael"]
[Result "1/2-1/2"]
[WhiteElo "2529"]
[BlackElo "2257"]
[PlyCount "106"]
[EventDate "2013.06.16"]
[EventRounds "9"]
[EventCountry "ARM"]

1. d4 Nf6 2. c4 g6 3. Nc3 Bg7 4. e4 d6 5. Nf3 O-O 6. Be2 e5 7. O-O Nc6 8. d5
Ne7 9. Ne1 Nd7 10. Nd3 f5 11. Bd2 Nf6 12. f3 c6 13. Be3 Kh8 14. Kh1 f4 15. Bg1
c5 16. b4 b6 17. bxc5 bxc5 18. Nb5 Ne8 19. Nxc5 dxc5 20. Bxc5 a6 21. Nc3 g5 22.
Qb3 Rf6 23. Rab1 Rh6 24. Bb6 Qd6 25. Nd1 Qg6 26. Nf2 Nf6 27. h3 Qe8 28. c5 Ng6
29. Qd3 Rh4 30. c6 h5 31. Kg1 g4 32. fxg4 f3 33. Qxf3 hxg4 34. hxg4 Nf4 35. g3
Nxe2+ 36. Qxe2 Rh7 37. Kg2 Qg6 38. Rh1 Nxg4 39. Rxh7+ Kxh7 40. d6 Nxf2 41. d7
Nxe4 42. Rh1+ Bh6 43. Qf3 Ng5 44. Qd5 Ne6 45. Be3 Nf4+ 46. Bxf4 exf4 47. dxc8=Q
Rxc8 48. Qd7+ Qg7 49. Rxh6+ Kxh6 50. Qh3+ Kg5 51. Qxc8 f3+ 52. Kxf3 Qc3+ 53.
Kg2 Qc2+ 1/2-1/2

[Event "6th K. Asrian Memorial"]
[Site "Jermuk"]
[Date "2013.06.20"]
[Round "5"]
[Board "10"]
[White "Aghasaryan, Robert"]
[Black "Petrosyan, Tigran S."]
[Result "1-0"]
[WhiteElo "2470"]
[BlackElo "2356"]
[PlyCount "125"]
[EventDate "2013.06.16"]
[EventRounds "9"]
[EventCountry "ARM"]

1. d4 d5 2. c4 c6 3. Nf3 Nf6 4. Nc3 dxc4 5. a4 Bf5 6. e3 e6 7. Bxc4 Bb4 8. O-O
O-O 9. Qe2 Nbd7 10. e4 Bg6 11. Bd3 Bh5 12. e5 Nd5 13. Nxd5 cxd5 14. Qe3 Re8 15.
Ng5 Bg6 16. Bxg6 fxg6 17. h4 Qe7 18. Qd3 a5 19. Be3 h6 20. Nh3 Qxh4 21. Qxg6
Nf8 22. Qd3 Rec8 23. Rac1 Qd8 24. Nf4 Qe8 25. b3 Ba3 26. Rxc8 Rxc8 27. g3 Qc6
28. Qe2 Qc2 29. Qb5 Rc3 30. Qxb7 Qxb3 31. Qa8 Qb6 32. Kg2 Rc7 33. Ra1 Bb4 34.
Qd8 Be7 35. Qe8 Bb4 36. Rb1 Qc6 37. Qxc6 Rxc6 38. Nd3 Bc3 39. Rb8 Rc4 40. Nf4
Kf7 41. Rb7+ Ke8 42. Nh5 Rxa4 43. Nxg7+ Kd8 44. Rf7 Bb4 45. Bxh6 Ra1 46. Bg5+
Kc8 47. Be7 Nd7 48. Nxe6 Bxe7 49. Rxe7 a4 50. Nf4 Nb6 51. e6 a3 52. Ra7 Kd8 53.
Nxd5 Nxd5 54. Rd7+ Ke8 55. Rxd5 Ke7 56. Re5 a2 57. Ra5 Kxe6 58. g4 Kf6 59. f4
Ke6 60. g5 Rd1 61. f5+ Kf7 62. Rxa2 Rxd4 63. Ra7+ 1-0

[Event "6th K. Asrian Memorial"]
[Site "Jermuk"]
[Date "2013.06.20"]
[Round "5"]
[Board "11"]
[White "Vardanian, Hakob"]
[Black "Mkrtchian, Lilit"]
[Result "1-0"]
[WhiteElo "2260"]
[BlackElo "2466"]
[PlyCount "81"]
[EventDate "2013.06.16"]
[EventRounds "9"]
[EventCountry "ARM"]

1. e4 c6 2. d4 d5 3. exd5 cxd5 4. Bd3 Nc6 5. c3 Nf6 6. Nd2 Bg4 7. Ne2 e6 8. h3
Bh5 9. Qb3 Qc7 10. Nf4 Bd6 11. Nxh5 Nxh5 12. Nf3 O-O 13. O-O Rae8 14. Qd1 Nf4
15. Bxf4 Bxf4 16. Qc2 g6 17. g3 Bd6 18. h4 f6 19. Kg2 a6 20. Rae1 Kh8 21. Qd1
Na5 22. h5 g5 23. Re3 g4 24. Nh4 f5 25. Rh1 f4 26. gxf4 Bxf4 27. Ree1 g3 28.
Ng6+ hxg6 29. hxg6+ Kg8 30. Rh7 Qd8 31. g7 Rf5 32. Bxf5 Qg5 33. Rxe6 gxf2+ 34.
Qg4 Qxg4+ 35. Bxg4 Kxh7 36. Rxe8 Kxg7 37. Kxf2 Bc1 38. Re2 Nc4 39. b3 Nd6 40.
Bf3 Nb5 41. Rc2 1-0